000 00589nam a2200205Ia 4500
005 20250508151007.0
008 008 250505s9999 xx 000 0 eng d
037 _aTextual
040 _aFEDL
_beng
_cFEDL
041 _aeng
_2eng
084 _a510.7, KIN
_qFEDL
100 _aKinney Lucien Blair
_9758138
245 0 _aTeaching mathematics in the secondary school
260 _aNew York, USA
_bRinehart and Company
_c1954
300 _axvi,381p
365 _aINR
_b25
700 _a Purdy C Richard
_9758139
942 _cTEXL
_h510.7, KIN
999 _c1326919
_d1326919